000 00594nam a22002297a 4500
003 UA-OsUOA
001 121750
007 ta
008 20170328b un ||||| |||| 00| 0 ukr d
100 _aМандельштам О.
090 _a821.161.1
_bМ23
942 _cBK
040 _aUA-OsUOA
_brus
_cUA-OsUOA
_dUA-OsUOA
245 _aПолон музыки, музы и муки
300 _a144 С.
955 _a3
041 _arus
080 _a821.161.1
260 _aСПб
_c1991
650 7 _a82 Література. Літературознавство
_2UDC
999 _c407792
_d407792